00359nam a2200145Ia 4500008004100000020001800041041000800059082001500067100002100082245004200103250000600145260002800151300001400179650002000193210716s1996 xx 000 0 und d a9780415062251 aeng a174.4 HOSL aDurkhein, Emile. aProfessional ethics and civic morals. a1 aLondonbRoutledgec1996 aLxxiv,228 aBusiness Ethics